Egéresküvő

Bibliographic Details
Main Author: Verseghy, Erzsébet 1915-2000 (Author)
Format: Article
Language:Hungarian
Slovak
Subjects:

MARC

LEADER 00000nab a2200000 a 4500
001 vtls000799347
003 SK-MaSNL
005 20260302155559.0
008 160314c2002 xo 0 hun
015 |a SNBRB2002/06-20796 
035 |a CLN000151002 
040 |a SNKBUCL  |b slo  |c SNKBUCL  |e AACR2 
041 0 |a slo 
044 |a xo  |c SK 
080 |a 894.511 (437.6)-1(087.5)=945.11  |2 UDC-MRF-SK2 
100 1 |a Verseghy, Erzsébet  |d 1915-2000  |4 aut  |9 423963 
245 1 0 |a Egéresküvő  |c Verseghy Erzsébet 
650 0 7 |a naratívne básne, maďarské  |2 snkbucl  |9 71242 
773 0 |t Cserkész  |g Roč. 12, č. 9 (2002), s. 11 
850 |a Slovenská národná knižnica v Martine 
852 |a SNK  |b KIS3GCP 
958 |a HU 
958 |a SK 
958 |a LX 
958 |a DB 
958 |a RBX 
999 |c 1371921  |d 1373851